UITU Library & LRC     

Domestic Water Flow Monitoring and Controlling System Using GSM (Record no. 33060)

MARC details
000 -LEADER
fixed length control field 00631nam a2200145Ia 4500
008 - FIXED-LENGTH DATA ELEMENTS--GENERAL INFORMATION
fixed length control field 260210s9999 xx 000 0 und d
024 ## - OTHER STANDARD IDENTIFIER
Standard number or code 09B-99-EE, 09B-105-EE, 09B-128-EE & 09B-161-EE
082 ## - DEWEY DECIMAL CLASSIFICATION NUMBER
Classification number 629.83072 SHE
100 ## - MAIN ENTRY--PERSONAL NAME
Personal name Sheheryar Abbas, Muhammad Akhtar, Amir Saleem Akhtar & Afshar Ahtsham
245 #0 - TITLE STATEMENT
Title Domestic Water Flow Monitoring and Controlling System Using GSM
260 ## - PUBLICATION, DISTRIBUTION, ETC.
Place of publication, distribution, etc. Karachi:
Name of publisher, distributor, etc. UITU,
Date of publication, distribution, etc. 2009
600 ## - SUBJECT ADDED ENTRY--PERSONAL NAME
Personal name Electronic Engineering
650 ## - SUBJECT ADDED ENTRY--TOPICAL TERM
Topical term or geographic name entry element Bachelor of Engineering (BE)
856 ## - ELECTRONIC LOCATION AND ACCESS
Uniform Resource Identifier <a href="https://drive.google.com/file/d/1RErForJWgHqnby-qM4wNT412NyaJv8Qf/view?usp=sharing">https://drive.google.com/file/d/1RErForJWgHqnby-qM4wNT412NyaJv8Qf/view?usp=sharing</a>
Link text Click here for Online Reading

No items available.

Powered by Koha